000 00472nam a2200181Ia 4500
008 100920s9999 xx 000 0 und d
082 _b12252
_a6 थ 61
100 _aCAPOTE TRUMAN.
245 _aBreakfast At Tiffanys.
260 _bPENGUIN BOOKS.
_c1961
300 _a157
_bसाधी
365 _b0
520 _aई.एल. एफ.
630 _aBreakfast At Tiffanys.
650 _aई.एल. एफ.
730 _aBreakfast At Tiffanys.
942 _cBOOK
999 _c677492
_d677489